000 00566nam a2200133Ia 4500
008 100328s9999 xx 000 0 und d
082 _b64138
100 _aगांगण डी.एन.
245 _aतोच रस्ता त्याच वाटा (गझल संग्रह).
260 _bसहकार्यााारित.
630 _aतोच रस्ता त्याच वाटा (गझल संग्रह).
730 _aतोच रस्ता त्याच वाटा (गझल संग्रह).
942 _cBOOK
999 _c549953
_d549950